Fundamentals of digital circuits (Record no. 1678838)

MARC details
000 -LEADER
fixed length control field 00751 a2200241 4500
005 - DATE AND TIME OF LATEST TRANSACTION
control field 20260505105546.0
008 - FIXED-LENGTH DATA ELEMENTS--GENERAL INFORMATION
fixed length control field 260504b |||||||| |||| 00| 0 eng d
020 ## - INTERNATIONAL STANDARD BOOK NUMBER
International Standard Book Number 9788720352681
040 ## - CATALOGING SOURCE
Original cataloging agency CSL
Transcribing agency CSL
041 ## - LANGUAGE CODE
Source of code eng
Language code of text/sound track or separate title eng
084 ## - COLON CLASSIFICATION NUMBER
Classification number D65,2 R5-;11
Assigning agency CSL
100 ## - MAIN ENTRY--PERSONAL NAME
Personal name Kunar, A. Anand
9 (RLIN) 1114289
Relator term author
245 ## - TITLE STATEMENT
Title Fundamentals of digital circuits
250 ## - EDITION STATEMENT
Edition statement 4th
260 ## - PUBLICATION, DISTRIBUTION, ETC.
Place of publication, distribution, etc. Delhi :
Name of publisher, distributor, etc. PHI Learning,
Date of publication, distribution, etc. 2025.
300 ## - PHYSICAL DESCRIPTION
Extent xxx, 1070p.
Other physical details : ill.
Dimensions ; 23 cm.
500 ## - GENERAL NOTE
General note Includes appendix, glossary and index
650 ## - SUBJECT ADDED ENTRY--TOPICAL TERM
Topical term or geographic name entry element Sequential circuits
650 ## - SUBJECT ADDED ENTRY--TOPICAL TERM
Topical term or geographic name entry element Shift registers
9 (RLIN) 1238465
650 ## - SUBJECT ADDED ENTRY--TOPICAL TERM
Topical term or geographic name entry element Threshold logic
9 (RLIN) 1238466
650 ## - SUBJECT ADDED ENTRY--TOPICAL TERM
Topical term or geographic name entry element Logic gates
9 (RLIN) 1238467
942 ## - ADDED ENTRY ELEMENTS (KOHA)
Koha item type Textual
Source of classification or shelving scheme Colon Classification (CC)
Edition 4th
Classification part D65,2 R5-;11
Holdings
Withdrawn status Lost status Source of classification or shelving scheme Damaged status Not for loan Home library Current library Date acquired Source of acquisition Cost, normal purchase price Total Checkouts Full call number Barcode Date last seen Cost, replacement price Price effective from Koha item type
    Colon Classification (CC)     Faculty of Technology Library Central Science Library 2026-04-09 103 956.00   D65,2 R5;10 FT1793639 2026-04-09 1195.00 2026-04-09 Textual
    Colon Classification (CC)     Faculty of Technology Library Central Science Library 2026-04-09 103 956.00   D65,2 R5;11 FT1793640 2026-04-09 1195.00 2026-04-09 Textual
    Colon Classification (CC)     Faculty of Technology Library Central Science Library 2026-04-13 103 956.00   D65,2 R5 FT1793374 2026-04-13 1195.00 2026-04-13 Textual
    Colon Classification (CC)     Faculty of Technology Library Central Science Library 2026-04-13 103 956.00   D65,2 R5;1 FT1793375 2026-04-13 1195.00 2026-04-13 Textual
    Colon Classification (CC)     Faculty of Technology Library Central Science Library 2026-04-13 103 956.00   D65,2 R5;2 FT1793376 2026-04-13 1195.00 2026-04-13 Textual
    Colon Classification (CC)     Faculty of Technology Library Central Science Library 2026-04-13 103 956.00   D65,2 R5;3 FT1793377 2026-04-13 1195.00 2026-04-13 Textual
    Colon Classification (CC)     Faculty of Technology Library Central Science Library 2026-04-13 103 956.00   D65,2 R5;4 FT1793378 2026-04-13 1195.00 2026-04-13 Textual
    Colon Classification (CC)     Faculty of Technology Library Central Science Library 2026-04-13 103 956.00   D65,2 R5;5 FT1793379 2026-04-13 1195.00 2026-04-13 Textual
    Colon Classification (CC)     Faculty of Technology Library Central Science Library 2026-04-13 103 956.00   D65,2 R5;6 FT1793380 2026-04-13 1195.00 2026-04-13 Textual
    Colon Classification (CC)     Faculty of Technology Library Central Science Library 2026-04-13 103 956.00   D65,2 R5;7 FT1793381 2026-04-13 1195.00 2026-04-13 Textual
    Colon Classification (CC)     Faculty of Technology Library Central Science Library 2026-04-13 103 956.00   D65,2 R5;8 FT1793382 2026-04-13 1195.00 2026-04-13 Textual
    Colon Classification (CC)     Faculty of Technology Library Central Science Library 2026-04-13 103 956.00   D65,2 R5;9 FT1793383 2026-04-13 1195.00 2026-04-13 Textual
Copyright @ Delhi University Library System